Tribhuvan University Central Library

Determinants of job satisfaction among women teachers in private school. (Record no. 71798)

MARC details
000 -LEADER
fixed length control field 00522 a2200205 4500
022 ## - INTERNATIONAL STANDARD SERIAL NUMBER
International Standard Serial Number Eng
082 ## - DEWEY DECIMAL CLASSIFICATION NUMBER
Classification number CD5971
100 ## - MAIN ENTRY--PERSONAL NAME
Personal name Adhikari, Sarita (Parajuli)
245 ## - TITLE STATEMENT
Title Determinants of job satisfaction among women teachers in private school.
260 ## - PUBLICATION, DISTRIBUTION, ETC. (IMPRINT)
Place of publication, distribution, etc Pokhara:
Date of publication, distribution, etc 2010
502 ## - DISSERTATION NOTE
Dissertation note Dissertation
Degree type Degree in Sociology
Name of granting institution P.N.C.
650 ## - SUBJECT ADDED ENTRY--TOPICAL TERM
Topical term or geographic name as entry element Fiminism
650 ## - SUBJECT ADDED ENTRY--TOPICAL TERM
Topical term or geographic name as entry element Gender
650 ## - SUBJECT ADDED ENTRY--TOPICAL TERM
Topical term or geographic name as entry element Wome
650 ## - SUBJECT ADDED ENTRY--TOPICAL TERM
Topical term or geographic name as entry element Educational status
650 ## - SUBJECT ADDED ENTRY--TOPICAL TERM
Topical term or geographic name as entry element Children
650 ## - SUBJECT ADDED ENTRY--TOPICAL TERM
Topical term or geographic name as entry element Salary
653 ## - INDEX TERM--UNCONTROLLED
Uncontrolled term Sociology
942 ## - ADDED ENTRY ELEMENTS (KOHA)
Source of classification or shelving scheme Dewey Decimal Classification
Koha item type Audio Visual Materials
Holdings
Withdrawn status Lost status Source of classification or shelving scheme Damaged status Not for loan Home library Current library Date acquired Total Checkouts Full call number Barcode Date last seen Price effective from Koha item type
    Dewey Decimal Classification     Tribhuvan University Central Library Tribhuvan University Central Library 04/23/2014   CD5971 A5619 04/23/2014 04/23/2014 Audio Visual Materials